000 00910nam a22002177a 4500
999 _c19836
_d19836
003 AR-CdUCM
008 190516b ||||| |||| 00| 0 spa d
040 _aMUNICIPALIDAD PROVINCIAL DEL CUSCO
_cBIBLIOTECA MUNICIPAL DEL CUSCO
041 _hrus
082 _a512.074 /
_bD37
_23ed.
100 _aDemidovich, B.
_941471
245 _aProblemas y ejercicios de análisis matemático /
260 _aRusia :
_bMir,
_c1971.
300 _a521 paginas ;
_c22 cm.
505 _aContenido :Introducción al análisis --Diferencias de funciones --Extremos de las funciones y aplicación geométricas de la derivada --Integral indefinida --Integral definida ...
650 _aAnálisis matemático
_920053
650 _aProblemas, ejercicios,etc.
_925134
700 _aAntonio Molina Garcia (traductor), Emiliano Aparicio Bernardo( traducción revisada)
_941472
942 _2ddc
_cLIBROS
945 _aAndy
_d2019-05-22